000 01075nam a2200277 i 4500
003 DO-SdBNP
005 20260224100502.0
007 ta
008 240402b1993 dr ac||| |||| 00| 0 spa d
040 _aDO-SdBNP
_bspa
_cBNPHU
_erda
082 4 _a972.9105
_bM475c
_222
100 1 _aMaza Miquel, Manuel Pablo
_eautor
_984833
245 1 0 _aEl clero cubano y la independencia :
_blas investigaciones de Francisco González del Valle (1881-1942) /
_cManuel P. Maza Miquel
264 _aSanto Domingo :
_bCentro de Estudios Sociales Padre Juan Montalvo,
_c1993
300 _a276 páginas :
_bilustraciones
_c21 cm.
336 _2rdacontent
_atexto
_btxt
337 _2rdamedia
_asin mediación
_bn
338 _2rdacarrier
_avolumen
_bnc
590 _aInventariado,2025/DG
650 0 _aCrianza de niños
_xCuba
_94212
650 4 _aCuba
_9796
_xHistoria
_yGuerra de independencia*1895-1898
650 4 _aCuba
_xHistoria
_922240
_yIntervención norteamericana*1906-1909
650 0 _aPsicología infantil
_xOcupación norteamericana*1899-1902
_92718
910 _aDG
942 _2ddc
_cLBS1
999 _c58557
_d58557